| 000 | 01804nam a2200421Ia 4500 | ||
|---|---|---|---|
| 001 | ebr10279475 | ||
| 003 | CaPaEBR | ||
| 006 | m u | ||
| 007 | cr cn||||||||| | ||
| 008 | 970402s1997 nyua sb 001 0ceng d | ||
| 010 | _z 97011832 | ||
| 020 | _z0195061195 (cloth : acid-free paper) | ||
| 020 | _z9780195061192 | ||
| 040 |
_aCaPaEBR _cCaPaEBR |
||
| 035 | _a(OCoLC)47008982 | ||
| 050 | 1 | 4 |
_aPS2123 _b.A435 1997eb |
| 082 | 0 | 4 |
_a813/.4 _aB _221 |
| 100 | 1 |
_aJames, Henry, _d1843-1916. |
|
| 240 | 1 | 0 |
_aCorrespondence. _kSelections |
| 245 | 1 | 0 |
_aLetters, fictions, lives _h[electronic resource] : _bHenry James and William Dean Howells / _c[edited by] Michael Anesko. |
| 260 |
_aNew York : _bOxford University Press, _c1997. |
||
| 300 |
_axviii, 492 p. : _bill. |
||
| 504 | _aIncludes bibliographical references and index. | ||
| 533 |
_aElectronic reproduction. _bPalo Alto, Calif. : _cebrary, _d2011. _nAvailable via World Wide Web. _nAccess may be limited to ebrary affiliated libraries. |
||
| 600 | 1 | 0 |
_aHowells, William Dean, _d1837-1920 _vCorrespondence. |
| 600 | 1 | 0 |
_aJames, Henry, _d1843-1916. _tCorrespondence. _sUniversity of Nebraska Press. |
| 650 | 0 |
_aAuthors, American _y19th century _vCorrespondence. |
|
| 650 | 0 |
_aAuthors, American _y20th century _vCorrespondence. |
|
| 650 | 0 |
_aCritics _zUnited States _vCorrespondence. |
|
| 650 | 0 |
_aFiction _xAuthorship. |
|
| 650 | 0 |
_aNovelists, American _y19th century _vCorrespondence. |
|
| 650 | 0 |
_aNovelists, American _y20th century _vCorrespondence. |
|
| 655 | 7 |
_aElectronic books. _2local |
|
| 700 | 1 | _aAnesko, Michael. | |
| 700 | 1 |
_aHowells, William Dean, _d1837-1920. |
|
| 710 | 2 | _aebrary, Inc. | |
| 856 | 4 | 0 |
_uhttp://site.ebrary.com/lib/rucke/Doc?id=10279475 _zAn electronic book accessible through the World Wide Web; click to view |
| 999 |
_c4518 _d4518 |
||